عرض عادي
عرض مارك
- O'Brien, Anthony Patrick.
مدخل إسم شخص
001 - رقم الضبط
- حقل الضبط: 18854
003 - معرف رقم الضبط
- حقل الضبط: OSt
005 - تاريخ ووقت أخر عملية
- حقل الضبط: 20121227162831.0
008 - عناصر بيانات ثابتة الطول
- حقل تحكم ثابت الطول: 121227|||a|||||| | ||| d
040 ## - مصدر الفهرسة
- هيئة الفهرسة الأصلية: OSt
- وكالة الكتابة: OSt
100 ## - مدخل -- أسم شخص
- إسم شخص: O'Brien, Anthony Patrick.
670 ## - بيانات المصدر موجوده
- الاستشهاد بالمصدر: Work cat.: (OSt)0: Hubbard, R. Glenn. 18853, Macroeconomics /, c2010.
